000 00406nam a22001697a 4500
003 MACL
005 20160207125632.0
008 160207b xxu||||| |||| 00| 0 eng d
040 _cMACL
041 _aEnglish
082 _a300/PAT
100 _aPatel A.K
_937285
245 _aResearch In Social Work
260 _aNew Delhi
_bCrescent Publishing
_c2010
650 _aSocial
_937286
942 _2ddc
_cBK
999 _c53261
_d53261